BİR HİKAYENİN HİKAYESİ (Record no. 1194149)

MARC details
000 -LEADER
sabit uzunluktaki kontrol alanı 00257nam a2200097Ia 4500
001 - KONTROL NUMARASI
kontrol alanı 1194149
005 - EN SON İŞLEMİN TARİH VE ZAMANI
kontrol alanı 20250827021724.0
008 - SABİT-UZUNLUKTA VERİ ÖĞELERİ--GENEL BİLGİ
sabit uzunluktaki kontrol alanı 250824s9999 xx 000 0 und d
245 #0 - ESER / YAZAR
ESER ADI BİR HİKAYENİN HİKAYESİ
Yazar Adı DEBORAH HOPKİNSON
260 ## - YAYIN, DAĞITIM, VB.
YAYIN EVİ ALTIN KİTAPLAR
Holdings
Düşüm durumu Kayıp durumu Hasar Durumu Ödünç verilmez Ana kütüphane Geçerli Kütüphane Edinilen tarih Toplam ödünç verme sayısı Barkod Son görüntüleme tarihi Fiyatın geçerli olmaya başladığı tarih Koha materyal türü
        İSTANBUL TİCARET ODASI ŞEHİT MUHTEREM AK İLKOKULU İSTANBUL TİCARET ODASI ŞEHİT MUHTEREM AK İLKOKULU 24.08.2025   10924151 27.08.2025 27.08.2025 Books